American Folklor
Gespeichert in:
| 1. Verfasser: | |
|---|---|
| Format: | Buch |
| Sprache: | Undetermined |
| Veröffentlicht: |
Washington, Estados Unidos
Voice of America Forum Lectures
1968
|
| Schlagworte: | |
| Tags: |
Tag hinzufügen
Keine Tags, Fügen Sie den ersten Tag hinzu!
|
MARC
| LEADER | 00000nam a2200000Ia 4500 | ||
|---|---|---|---|
| 008 | 170316s9999 xx 000 0 und d | ||
| 999 | |c 5479 |d 5479 | ||
| 040 | |a cru BVZT | ||
| 090 | |a 810 C-14a | ||
| 100 | |a Coffin, Tristam | ||
| 245 | |a American Folklor |c / Tristam Coffin | ||
| 260 | |a Washington, Estados Unidos |b Voice of America Forum Lectures |c 1968 | ||
| 300 | |a 325 páginas | ||
| 650 | |a LITERATURA ESTADOUNIDENSE |9 25 | ||
| 942 | |c 15 D |h 810 C-14a |2 z | ||
